Les 15 plus importantes armées de terre du monde - Statistiques

Statistiques générales
  • Ce quiz a été pris 519 fois
  • Le résultat moyen est 10 sur 15
Statistiques - réponses
Effectif
2022
Pays
Equipements
2022
% Correct
3 965 000 Chine 52 320
98%
5 485 400 Etats-Unis 58 105
98%
12 280 000 Russie 47 404
97%
1 1 237 000 Inde 26 094
91%
2 1 100 000 Corée-du-Nord 41 139
82%
6 464 000 Corée-du-Sud 18 590
79%
4 560 000 Pakistan 13 306
76%
9 350 000 Iran 11 621
68%
13 260 200 Turquie 1586
62%
11 300 400 Indonésie 3755
58%
10 310 000 Egypte 17 856
57%
14 245 000 Thaïlande 5504
49%
7 412 000 Vietnam 18 947
48%
15 223 150 Colombie 2373
28%
8 375 000 Birmanie 1354
26%
Aucun quiz correspondant
Distribution des résultats
% des personnes avec chaque résultat
Percentile par nombre de réponses
Votre historique - résultats
Vous n’avez pas pris ce quiz